00713nam a22001937a 4500003000900000005001700009008004700026020001500073040002200088100002900110245014100139260004900280300003100329490002400360500004000384700003000424700004100454830002400495DO-SdBNP20180223133518.0180223b 2000 sp ||||| |||| 00| 0 spa d a8422681609 aBPMSUbspacBPMSU1 aBrezina, Thomas, d1963-10aUn esqueleto en avión /cThomas Brezina; ilustraciones de Bernhard Förth ; traducción del alemán, José Antonio Santiago-Tagle. aBarcelona : bCírculo de Lectores, c2000. a124 p. :bil. ; c20 cm. 1 aTodos mis monstruos aTraducción de: Das skelett im jet12aFörth, Bernhard, eil. 12aSantiago-Tagle, José Antonio,etr. 0aTodos mis monstruos